00497nam a22001577a 4500082002100000100002200021245004400043260003800087300001100125526003700136650001500173700002200188942001200210999001900222952009800241 a363.7392bAIRcd aWorld bank919601 aAir pollution and mortalitycWorld bank aSantiago, chilebWorld bankc1995 a35 p.: a0b0c0d363_739200000000000_AIR aNUST96342 aWorld bank919601 2ddccBK c542876d542876 00102ddc4070aMCEbMCEd2014-02-24l0o363.7392 AIRpMCE-43292r2014-02-24w2014-02-24yBK